=LDR 00000nam 2200000 4500 =001 INLIS000000000047054 =005 20150706150547.0 =006 =007 =008 =020 ##$$a 978-602-241-105-5 =035 ##$$0010-071500000000024 =040 ##$$a Ind =082 ##$$a 665.538 =090 ##$$a 665.538 4 Wah =100 ##$$a Wahyu =245 ##$$a Modul meperbaiki =260 ##$$a Jakarta $b Erlangga $c2012 =300 ##$$a ix,62 hlm $ 23 cm =850 ##$$a NBPDMAT =990 ##$$a 2090100980/BPAP-NTB/2015